000 00306nam a22001337a 4500
008 171018b xxu||||| |||| 00| 0 eng d
020 _a9780781724548
041 _aeng
080 _a338
100 _a53
101 _aMNG
245 _aCORE CURRICULUM FOR CASE MANAGEMENT
_cPOWELL, S.K
942 _2udc
_cBK
999 _c34587
_d34587